Statystyki dla Marki samochodów cz.2

Kliknij tutaj aby rozwiązać quiz!

Ogólne statystyki

  • Ten quiz został rozwiązany 78 razy
  • Średni wynik to 11 z 12

Statystyki odpowiedzi

Odpowiedź% Poprawnych
Toyota
100%
Opel
99%
Audi
97%
Seat
97%
Citroen
96%
Subaru
93%
Peugeot
92%
Porsche
92%
Suzuki
92%
Volkswagen
92%
Renault
89%
Lexus
86%

Rozkład punktacji

Percentyl według liczby udzielonych odpowiedzi

Procent ludzi z każdym wynikiem

Twoja historia wyników

Nie rozwiązałeś tego quizu